| 000 | 01785nam a22002657a 4500 | ||
|---|---|---|---|
| 003 | NALT | ||
| 005 | 20210921090149.0 | ||
| 008 | s2547 th thaeng | ||
| 020 | _a9749716418 | ||
| 040 | _aNALT | ||
| 041 | _athaeng | ||
| 090 |
_aอ AG440.P6 _bม251ศ 2547 |
||
| 110 | 0 | _aมหาวิทยาลัยมหิดล. สถาบันวิจัยประชากรและสังคม | |
| 245 | 1 | 0 |
_aศัพทานุกรมการวิจัยทางประชากรและสังคม= : _bGlossary of terms in population and social research |
| 260 | 3 |
_aนครปฐม : _bสถาบันวิจัยประชากรและสังคม มหาวิทยาลัยมหิดล, _c2547 |
|
| 300 |
_a148 หน้า : _bภาพประกอบ ; _c24 ซม. |
||
| 610 | _aมหาวิทยาลัยมหิดล. สถาบันวิจัยประชากรและสังคม | ||
| 650 | 0 | 4 | _aวิจัยทางประชากร -- ศัพท์บัญญัติ |
| 650 | 0 | 4 | _aสังคมศาสตร์ -- วิจัย -- ศัพท์บัญญัติ |
| 650 | 0 | 4 | _aสังคมศาสตร์ -- ศัพท์บัญญัติ |
| 650 | 0 | 4 | _aประชากรศาสตร์ -- ศัพท์บัญญัติ |
| 650 | 0 | 4 | _aประชากรศาสตร์ -- ศัพท์บัญญัติสังคมศาสตร์ -- ศัพท์บัญญัติสังคมศาสตร์ -- วิจัย -- ศัพท์บัญญัติวิจัยทางประชากร -- ศัพท์บัญญัติ |
| 850 | _aNALT | ||
| 942 |
_cREF _2lcc |
||
| 999 |
_c42124 _d42124 |
||
| 998 |
_j109 _k อารีรัตน์ วิชาช่าง |
||